An introduction to the theory of random signals and noise

Gardado en:
Detalles Bibliográficos
Main Authors: Davenport, Wilbur B (Author), Root, William L (Author)
Formato: Libro
Idioma:inglés
Publicado: Nueva York McGraw-Hill 1958
Series:Lincoln laboratory publications
Subjects:
Tags: Engadir etiqueta
Sen Etiquetas, Sexa o primeiro en etiquetar este rexistro!

MARC

LEADER 00000nam a2200000 a 4500
001 UCY3682
003 CL-VaPUC
008 950112e19580000US |||||||||||||||||eng|d
082 0 4 |a 621.382  |b DAV  |2 21 
100 0 |a Davenport, Wilbur B  |e author  |9 332037 
700 0 |a Root, William L  |e author  |9 332038 
245 1 3 |a An introduction to the theory of random signals and noise 
246 1 0 |a Random signals and noise 
300 |a 393 p 
942 |c BK 
945 |d 19950112 00:00:00  |a mfernand 
260 |a Nueva York  |b McGraw-Hill  |c 1958 
650 7 |a TEORIA DE LA COMUNICACION ESTADISTICA  |2 CL-VaPUC  |9 332039 
650 7 |a TEORIA DE LAS SEÑALES TELECOMUNICACIONES  |2 CL-VaPUC  |9 332040 
650 7 |a TEORIA ALEATORIA DEL RUIDO  |2 CL-VaPUC  |9 332041 
583 |a last modification  |c 19950112 00:00:00  |k Rodrigo Vera 
490 0 |a Lincoln laboratory publications 
999 |c 231746  |d 231744 
952 |0 0  |1 0  |4 0  |6 621_382000000000000_DAV_1958  |7 0  |8 A  |9 235400  |a BIBING  |b BIBING  |d 2019-11-15  |i 1680218  |o 621.382 DAV 1958  |p 1680218  |r 2025-01-20  |w 2019-11-15  |y BK  |k EIE 
952 |0 0  |1 0  |4 0  |6 621_382000000000000_DAV_1958  |7 0  |8 A  |9 235401  |a BIBING  |b BIBING  |d 2019-11-15  |i 1680595  |o 621.382 DAV 1958  |p 1680595  |r 2025-01-20  |w 2019-11-15  |y BK  |k EIE